[Event "28th Czech Open A 2017"]
[Site "Pardubice CZE"]
[Date "2017.07.26"]
[Round "6.55"]
[White "Audi, Ameya"]
[Black "Kraus, Tomas"]
[Result "1/2-1/2"]
[BlackTitle "IM"]
[WhiteElo "2219"]
[BlackElo "2422"]
[WhiteFideId "25034430"]
[BlackFideId "331708"]
[EventDate "2017.07.21"]

1. e4 c5 2. Nf3 Nc6 3. d4 cxd4 4. Nxd4 e5 5. Nb5 d6 6. c4 Be7 7. N1c3 a6 8. Na3
Be6 9. Nc2 Bg5 10. Bxg5 Qxg5 11. Nd5 Qd8 12. g3 Nf6 13. Bg2 Bxd5 14. cxd5 Ne7
15. O-O O-O 16. Ne3 Nd7 17. Nc4 b5 18. Ne3 f5 19. exf5 Nxf5 20. Nxf5 Rxf5 21.
Rc1 Rf6 22. Bh3 a5 23. a3 a4 24. Qe2 Nc5 25. Qxb5 Rb8 26. Qe2 Qb6 27. Rc2 Nb3
28. Rc8+ Rxc8 29. Bxc8 Nd4 30. Qc4 Rf8 31. Be6+ Kh8 32. Qb4 Qxb4 33. axb4 Rb8
34. Kg2 Rxb4 35. Rc1 g5 36. Rc6 Rxb2 37. Ra6 Nxe6 38. dxe6 Kg7 39. Rxa4 Kf6 40.
Ra7 Kxe6 41. Rxh7 e4 42. Rh6+ Ke5 43. Rg6 e3 44. Kf3 e2 45. Rg8 e1=N+ 46. Kg4
Kf6 47. Rf8+ Ke7 48. Rf5 Nd3 49. Kxg5 Nxf2 50. h4 Ne4+ 51. Kf4 Rb4 52. h5 Nf6+
53. Kf3 Rb1 54. Rg5 Ke6 55. Rg6 Rb3+ 56. Kf4 Rb4+ 57. Kf3 d5 58. g4 Kf7 59. Rg5
d4 60. h6 d3 61. Ke3 Rd4 62. h7 Rd8 63. Rg8 Nxg4+ 64. Kd2 Rxg8 65. hxg8=Q+ Kxg8
66. Kxd3 1/2-1/2

[Event "28th Czech Open A 2017"]
[Site "Pardubice CZE"]
[Date "2017.07.26"]
[Round "6.56"]
[White "Lerch, Patrice"]
[Black "Nitish, Belurkar"]
[Result "1/2-1/2"]
[WhiteTitle "IM"]
[BlackTitle "FM"]
[WhiteElo "2415"]
[BlackElo "2283"]
[WhiteFideId "605867"]
[BlackFideId "5084768"]
[EventDate "2017.07.21"]

1. e4 e5 2. Nf3 Nc6 3. Bc4 Bc5 4. O-O Nf6 5. d3 d6 6. c3 a6 7. a4 Ba7 8. Na3 h6
9. Re1 g5 10. Be3 Bxe3 11. Rxe3 g4 12. Ne1 Ne7 13. d4 Ng6 14. dxe5 Nxe5 15. Nd3
Qe7 16. Bd5 c6 17. Ba2 Be6 18. Bxe6 Qxe6 19. Nc2 O-O-O 20. Nd4 Qd7 21. Qc2 Rhe8
22. Rae1 Nxd3 23. Qxd3 d5 24. exd5 Nxd5 25. Rxe8 Rxe8 26. Rxe8+ Qxe8 27. Kf1 Qd7
28. Ke1 Kb8 29. Ne2 Qc7 30. Qg3 Qxg3 31. hxg3 Kc7 32. Kd2 c5 33. c4 Nb6 34. b3
Kd6 1/2-1/2

[Event "28th Czech Open A 2017"]
[Site "Pardubice CZE"]
[Date "2017.07.26"]
[Round "6.57"]
[White "Rakesh, Kumar Jena"]
[Black "Frolov, Artur"]
[Result "0-1"]
[WhiteTitle "FM"]
[BlackTitle "IM"]
[WhiteElo "2283"]
[BlackElo "2410"]
[WhiteFideId "5084822"]
[BlackFideId "14100134"]
[EventDate "2017.07.21"]

1. e4 c5 2. Nf3 Nc6 3. Bb5 g6 4. Bxc6 bxc6 5. O-O Bg7 6. Re1 Nh6 7. c3 d6 8. d4
cxd4 9. cxd4 O-O 10. h3 f6 11. Nc3 Nf7 12. b3 e5 13. Bb2 Bd7 14. Rc1 Qb8 15.
dxe5 fxe5 16. Ba3 Rd8 17. Qe2 a5 18. Qc4 Bf6 19. Red1 Kg7 20. Rb1 Be7 21. Qe2
Qa7 22. Nd2 Qa6 23. Qxa6 Rxa6 24. Nc4 Be6 25. Na4 Kf6 26. Rd3 c5 27. Nc3 a4 28.
Ne3 axb3 29. Ncd5+ Bxd5 30. Nxd5+ Kg7 31. Rdxb3 Rd7 32. Kh2 Bd8 33. f3 Rda7 34.
Bc1 Rxa2 35. Rb7 Kf8 36. Be3 h5 37. f4 Rxb7 38. Rxb7 h4 39. Rb8 Ke8 40. f5 gxf5
41. exf5 Kd7 42. Rb7+ Kc6 43. Rxf7 Kxd5 44. Rf8 Ba5 45. Ra8 Re2 46. f6 Ke6 47.
Bg5 Be1 48. Re8+ Kd7 49. Re7+ Kd8 0-1

[Event "28th Czech Open A 2017"]
[Site "Pardubice CZE"]
[Date "2017.07.26"]
[Round "6.58"]
[White "Bruedigam, Martin"]
[Black "Karas, Marek"]
[Result "1/2-1/2"]
[WhiteTitle "FM"]
[BlackTitle "FM"]
[WhiteElo "2410"]
[BlackElo "2273"]
[WhiteFideId "24608033"]
[BlackFideId "14928558"]
[EventDate "2017.07.21"]

1. e4 e6 2. d4 d5 3. Nd2 c5 4. exd5 exd5 5. Ngf3 Nf6 6. Bb5+ Bd7 7. Bxd7+ Nbxd7
8. O-O Be7 9. dxc5 Nxc5 10. Nd4 O-O 11. Nf5 Re8 12. Nxe7+ Qxe7 13. Nb3 Nce4 14.
Be3 b6 15. Bd4 Rad8 16. Re1 Qd6 17. f3 Nc5 18. Qd2 Nfd7 19. Rad1 Ne6 20. Bf2
Ndc5 21. Nd4 Nxd4 22. Rxe8+ Rxe8 23. Qxd4 Qg6 24. Qd2 Ne6 25. c3 Rd8 26. Qd3 Qf6
27. Be3 Qe5 28. Bf2 Qf6 29. Qd2 h6 30. Be3 Qh4 31. h3 Qc4 32. b3 Qc7 33. Qc1 Qe5
34. Rd3 Nc5 35. Bxc5 bxc5 36. Qe3 Qxe3+ 37. Rxe3 Kf8 38. Kf2 Rd6 39. Re2 f6 40.
Ke1 Kf7 41. Kd2 Re6 42. b4 Rb6 43. bxc5 Rc6 44. Kd3 1/2-1/2

[Event "28th Czech Open A 2017"]
[Site "Pardubice CZE"]
[Date "2017.07.26"]
[Round "6.59"]
[White "Reuker, Jari"]
[Black "Tomazini, Zan"]
[Result "1-0"]
[BlackTitle "IM"]
[WhiteElo "2275"]
[BlackElo "2405"]
[WhiteFideId "12909300"]
[BlackFideId "14608162"]
[EventDate "2017.07.21"]

1. d4 Nf6 2. c4 g6 3. Nc3 Bg7 4. e4 d6 5. f3 a6 6. Be3 c6 7. c5 b5 8. cxb6 Nbd7
9. Nge2 Nxb6 10. Nf4 O-O 11. Qd2 a5 12. Be2 Ba6 13. Bxa6 Rxa6 14. Qe2 Ra8 15.
O-O Nfd7 16. Rac1 Qb8 17. b3 Qb7 18. Rc2 a4 19. bxa4 Nxa4 20. Nxa4 Rxa4 21. Qd2
Rfa8 22. Rfc1 R8a6 23. Ne2 h5 24. Nc3 Rb4 25. Ne2 Rba4 26. Nc3 Ra3 27. Bh6 Bh8
28. Kh1 Kh7 29. Bg5 Nf8 30. Be3 Bg7 31. h3 Qb4 32. Rb1 Qa5 33. Rb7 Bf6 34. g4
hxg4 35. hxg4 Rb6 36. Rxb6 Qxb6 37. e5 Bg7 38. exd6 exd6 39. Qh2+ Kg8 40. Qxd6
Qa6 41. Kg2 Ne6 42. Bf2 Bf8 43. Qg3 g5 44. Ne4 Nf4+ 45. Kh2 Be7 46. Rb2 Qf1 47.
Rb7 Kg7 48. Rxe7 Ra8 49. Rxf7+ Kxf7 50. Nxg5+ Kg6 51. Nf7 Rxa2 52. Ne5+ Kg7 53.
Nd3 Qxd3 54. Qxf4 Rxf2+ 55. Kg3 Re2 56. Qc7+ Kf8 57. Qd6+ Re7 58. Qh6+ Kf7 59.
Qf4+ Ke6 60. Qe5+ Kd7 61. Qc5 Rf7 62. Qa7+ Ke6 63. Qa2+ Kd6 64. Qxf7 Qf1 65.
Qf6+ Kd7 66. Qf5+ Kd6 67. Qe5+ Kd7 68. Kf4 Qf2 69. Qf5+ Kd6 70. Qf6+ Kd7 71. Kg5
Qe3+ 72. f4 Qf3 73. Qf5+ Kd6 74. Qe5+ Kd7 75. f5 Qg2 76. Qe6+ Kd8 77. Qd6+ Kc8
78. f6 Qf3 79. Qf4 Qa3 80. Qf5+ Kc7 81. Qe5+ 1-0

[Event "28th Czech Open A 2017"]
[Site "Pardubice CZE"]
[Date "2017.07.26"]
[Round "6.60"]
[White "Domogaev, Sergey"]
[Black "Chovan, Milan"]
[Result "1-0"]
[WhiteTitle "GM"]
[BlackTitle "FM"]
[WhiteElo "2395"]
[BlackElo "2269"]
[WhiteFideId "24103608"]
[BlackFideId "14933691"]
[EventDate "2017.07.21"]

1. e4 e5 2. Nf3 Nc6 3. Bc4 Nf6 4. d3 Be7 5. O-O O-O 6. Re1 d6 7. c3 Na5 8. Bb5
a6 9. Ba4 b5 10. Bc2 c5 11. Nbd2 Re8 12. Nf1 h6 13. Ng3 Bf8 14. h3 g6 15. Nh2
Bg7 16. f4 Bb7 17. f5 d5 18. fxg6 fxg6 19. Ng4 Kh7 20. Nxf6+ Qxf6 21. exd5 Bxd5
22. Ne4 Qe7 23. d4 cxd4 24. cxd4 Rad8 25. Ng5+ hxg5 26. Qh5+ Kg8 27. Bxg6 Bf6
28. dxe5 Nc4 29. Rf1 Bxe5 30. Bxg5 Qa7+ 31. Kh1 Re7 32. Bxe7 Qxe7 33. Rae1 Bxg2+
34. Kxg2 Rd2+ 35. Kf3 Rxb2 36. Bh7+ Qxh7 37. Rg1+ 1-0

[Event "28th Czech Open A 2017"]
[Site "Pardubice CZE"]
[Date "2017.07.26"]
[Round "6.61"]
[White "Janzelj, Tim"]
[Black "Bartos, Jan"]
[Result "1/2-1/2"]
[BlackTitle "FM"]
[WhiteElo "2391"]
[BlackElo "2189"]
[WhiteFideId "14607913"]
[BlackFideId "315060"]
[EventDate "2017.07.21"]

1. Nf3 Nf6 2. c4 e6 3. b3 b6 4. g3 Bb7 5. Bg2 c5 6. O-O Be7 7. e3 O-O 8. Bb2 d5
9. Qe2 Nc6 10. Rd1 Qc7 11. Nc3 Rad8 12. cxd5 Nxd5 13. Nxd5 Rxd5 14. d4 cxd4 15.
exd4 Rd7 16. Rac1 Bf6 17. d5 Bxb2 18. dxc6 Bxc1 19. cxd7 Rd8 20. Qd3 Bd5 21. Ne5
Qxe5 22. Rxc1 Qd6 23. Bxd5 exd5 24. Qb5 Rxd7 25. Rc8+ Rd8 26. Qc6 Qe7 27. Qa8
Qe1+ 28. Kg2 Qe4+ 29. Kg1 Qe1+ 1/2-1/2

[Event "28th Czech Open A 2017"]
[Site "Pardubice CZE"]
[Date "2017.07.26"]
[Round "6.62"]
[White "Kulon, Klaudia"]
[Black "Varitski, Igor"]
[Result "1/2-1/2"]
[WhiteTitle "WGM"]
[BlackTitle "IM"]
[WhiteElo "2380"]
[BlackElo "2226"]
[WhiteFideId "1131044"]
[BlackFideId "14102862"]
[EventDate "2017.07.21"]

1. c4 f5 2. g3 Nf6 3. Bg2 e5 4. Nc3 Nc6 5. d3 d6 6. e3 Be7 7. Nge2 O-O 8. O-O
Qe8 9. Rb1 Qh5 10. b4 Bd8 11. Nd5 Ne7 12. Nec3 Qg6 13. f4 h5 14. Nxf6+ Rxf6 15.
Bb2 Kh8 16. Kh1 Qh6 17. h4 Rf8 18. Bf3 Ng8 19. Bxh5 Nf6 20. Bf3 Ng4 21. Bxg4
fxg4 22. Kg2 exf4 23. exf4 Bf5 24. Ne4 c6 25. b5 Re8 26. bxc6 bxc6 27. Qc2 Ba5
28. Ba1 Re7 29. Qa4 Rxe4 30. dxe4 Bxe4+ 31. Kh2 Bxb1 32. Rxb1 Qe6 33. Qxc6 Rc8
34. Qd5 Qe2+ 35. Kh1 Qxc4 36. Bxg7+ Kh7 37. Qxc4 Rxc4 38. Rb7 Kg6 39. Rxa7 Bb6
40. Ra6 Rc1+ 41. Kg2 Bc5 42. Be5 Rg1+ 43. Kh2 Rd1 44. Bc3 Kf5 45. Ra4 d5 46. h5
d4 47. Ra5 1/2-1/2

[Event "28th Czech Open A 2017"]
[Site "Pardubice CZE"]
[Date "2017.07.26"]
[Round "6.63"]
[White "Jeet, Jain"]
[Black "Erenberg, Ariel"]
[Result "0-1"]
[BlackTitle "IM"]
[WhiteElo "2191"]
[BlackElo "2375"]
[WhiteFideId "5073022"]
[BlackFideId "2811634"]
[EventDate "2017.07.21"]

1. e4 e5 2. Nf3 Nc6 3. Bc4 Bc5 4. b4 Bxb4 5. c3 Ba5 6. d4 d6 7. Qb3 Qd7 8. dxe5
Bb6 9. Nbd2 Na5 10. Qb4 Nxc4 11. Nxc4 Bc5 12. Qb3 b5 13. Ne3 Ne7 14. exd6 cxd6
15. O-O Bb7 16. Nd5 O-O 17. Bb2 Rfe8 18. c4 Nxd5 19. exd5 bxc4 20. Qc3 f6 21.
Qxc4 Qf5 22. Rad1 a5 23. Nh4 Qh5 24. Qf4 Ba6 25. Rfe1 Re2 26. Bd4 Rae8 27. Nf3
Rxe1+ 28. Rxe1 Rxe1+ 29. Nxe1 Qe2 0-1

[Event "28th Czech Open A 2017"]
[Site "Pardubice CZE"]
[Date "2017.07.26"]
[Round "6.64"]
[White "Manafov, Vugar"]
[Black "Sodoma, Jan"]
[Result "1/2-1/2"]
[BlackTitle "IM"]
[WhiteElo "2165"]
[BlackElo "2351"]
[WhiteFideId "13410814"]
[BlackFideId "323195"]
[EventDate "2017.07.21"]

1. d4 Nf6 2. c4 e6 3. Nf3 b6 4. g3 Ba6 5. b3 c6 6. Bg2 d5 7. Nbd2 Nbd7 8. O-O
Bd6 9. Bb2 O-O 10. Re1 b5 11. c5 Bc7 12. b4 Re8 13. e4 dxe4 14. Nxe4 Nxe4 15.
Rxe4 Nf6 16. Re1 Nd5 17. Qd2 Bb7 18. Ne5 a5 19. a3 f6 20. Nf3 Qd7 21. Bh3 Qf7
22. Re2 Bc8 23. Bc3 Qh5 24. Kg2 g5 25. Re4 axb4 26. Bxb4 Qg6 27. Rae1 f5 28.
Bxf5 Qxf5 29. Qxg5+ Qxg5 30. Nxg5 Re7 31. Nxe6 Bxe6 32. Rxe6 Rae8 33. Rxe7 Rxe7
34. Rxe7 Nxe7 35. Kf3 Kf7 36. Ke4 Ke6 37. f4 Nd5 38. f5+ Kf6 39. Be1 Kg5 40.
Bd2+ Kg4 41. h3+ Kxg3 42. Bg5 h6 43. Bxh6 Nf6+ 44. Kd3 Kxh3 45. Bg7 Kg4 46. Bxf6
Kxf5 47. Bh4 Ke6 1/2-1/2

[Event "28th Czech Open A 2017"]
[Site "Pardubice CZE"]
[Date "2017.07.26"]
[Round "6.65"]
[White "Babikov, Ivan"]
[Black "Chernyshov, Konstantin"]
[Result "0-1"]
[WhiteTitle "FM"]
[BlackTitle "GM"]
[WhiteElo "2267"]
[BlackElo "2498"]
[WhiteFideId "4161106"]
[BlackFideId "4117328"]
[EventDate "2017.07.21"]

1. e4 c5 2. Nf3 Nc6 3. d4 cxd4 4. Nxd4 Nf6 5. Nc3 d6 6. Be2 Nxd4 7. Qxd4 g6 8.
Bg5 Bg7 9. Nd5 O-O 10. Bxf6 exf6 11. Qb4 f5 12. exf5 Bxf5 13. Ne3 a5 14. Qa3 Re8
15. O-O Bxc2 16. Bc4 d5 17. Bxd5 Rxe3 18. Bxf7+ Kxf7 19. fxe3+ Kg8 20. Rac1 Be4
21. Qc5 Bc6 22. Rcd1 Qe8 23. Rf2 Qe4 24. Qb6 Bf6 25. Rd6 Bh4 26. Qb3+ Kg7 27.
Rf3 h5 28. Qf7+ Kh6 29. g3 Bg5 30. h4 Bxe3+ 31. Kh2 Qc2+ 32. Kh3 Bxf3 33. Qxf3
Qf2 0-1

[Event "28th Czech Open A 2017"]
[Site "Pardubice CZE"]
[Date "2017.07.26"]
[Round "6.66"]
[White "Yuferev, Oleg"]
[Black "Teske, Henrik"]
[Result "1/2-1/2"]
[WhiteTitle "FM"]
[BlackTitle "GM"]
[WhiteElo "2247"]
[BlackElo "2486"]
[WhiteFideId "4131720"]
[BlackFideId "4611500"]
[EventDate "2017.07.21"]

1. Nf3 d5 2. d4 e6 3. c4 Nf6 4. g3 Bb4+ 5. Bd2 Bd6 6. Bg2 c6 7. Qc2 Nbd7 8. O-O
O-O 9. Bg5 h6 10. Bxf6 Nxf6 11. Nbd2 Rb8 12. Rfd1 Qe7 13. c5 Bc7 14. e4 b6 15.
b4 dxe4 16. Nxe4 Nd5 17. a3 a5 18. cxb6 Bxb6 19. Ne5 axb4 20. Nxc6 Qc7 21. Rac1
Ra8 22. axb4 Bb7 23. b5 Bxc6 24. Qxc6 Qa7 25. Nc5 Rac8 26. Qd6 Rfd8 27. Qe5 Bxc5
28. dxc5 Rxc5 29. Qb2 Rb8 30. Bxd5 exd5 31. Rxc5 Qxc5 32. b6 Rxb6 33. Rxd5 Qc7
34. Qd2 Qb7 35. Rd8+ Kh7 36. Qd3+ g6 37. Qd5 Qxd5 38. Rxd5 Kg7 1/2-1/2

[Event "28th Czech Open A 2017"]
[Site "Pardubice CZE"]
[Date "2017.07.26"]
[Round "6.67"]
[White "Bilguun, Sumiya"]
[Black "Jurek, Josef"]
[Result "1-0"]
[WhiteTitle "IM"]
[BlackTitle "IM"]
[WhiteElo "2460"]
[BlackElo "2263"]
[WhiteFideId "4901541"]
[BlackFideId "300993"]
[EventDate "2017.07.21"]

1. e4 e6 2. d4 d5 3. Nc3 Bb4 4. e5 c5 5. a3 Ba5 6. b4 cxd4 7. Qxd4 Bc7 8. f4 Nc6
9. Qd1 f6 10. b5 Na5 11. Bd3 Nh6 12. Nf3 O-O 13. O-O Ng4 14. Ng5 f5 15. Qe1 Nc4
16. Bxc4 dxc4 17. h3 Bb6+ 18. Kh1 Nh6 19. Be3 Nf7 20. Rd1 Qe7 21. Bxb6 axb6 22.
Nxf7 Rxf7 23. a4 g5 24. Qd2 Bd7 25. fxg5 Rg7 26. Qf4 Qb4 27. Rf3 Be8 28. Rd6 Rd7
29. Rxe6 Bg6 30. Qe3 Rad8 31. Rxb6 Rd4 32. Rxb7 f4 33. Rxf4 Rxf4 34. Qxf4 Qxc3
35. Qf6 1-0

[Event "28th Czech Open A 2017"]
[Site "Pardubice CZE"]
[Date "2017.07.26"]
[Round "6.68"]
[White "Lugovskoy, Maxim"]
[Black "Poulopoulos, Ioannis"]
[Result "1/2-1/2"]
[WhiteTitle "GM"]
[WhiteElo "2453"]
[BlackElo "2252"]
[WhiteFideId "24126454"]
[BlackFideId "4218078"]
[EventDate "2017.07.21"]

1. d4 Nf6 2. Nc3 d5 3. Bf4 e6 4. Nb5 Na6 5. e3 c6 6. Nc3 b6 7. Nf3 Bb7 8. Ne5
Nb8 9. Bd3 Nbd7 10. Qf3 Nxe5 11. Bxe5 Nd7 12. Bf4 g5 13. Bg3 h5 14. h4 g4 15.
Qe2 f5 16. f3 Qf6 17. O-O-O O-O-O 18. Rdf1 Qg6 19. Qe1 Rg8 20. Bf4 gxf3 21. gxf3
Bh6 22. Bh2 Qf6 23. Kb1 e5 24. Rhg1 f4 25. dxe5 Nxe5 26. exf4 Rxg1 27. fxe5 Rxf1
28. Bxf1 Qxf3 29. e6 Bd2 30. Qe2 Qxe2 31. Bxe2 Bxc3 32. bxc3 Rh8 33. Be5 Rh6 34.
Bd3 Kd8 35. Bf5 Ke7 36. Bf4 Rxe6 37. Bxe6 Kxe6 38. Bb8 1/2-1/2

[Event "28th Czech Open A 2017"]
[Site "Pardubice CZE"]
[Date "2017.07.26"]
[Round "6.69"]
[White "Kazakovskiy, Valeriy"]
[Black "Eret, Matous"]
[Result "1-0"]
[WhiteTitle "IM"]
[WhiteElo "2433"]
[BlackElo "2235"]
[WhiteFideId "13507443"]
[BlackFideId "364509"]
[EventDate "2017.07.21"]

1. d4 Nf6 2. Nf3 g6 3. c4 c5 4. g3 Bg7 5. Bg2 O-O 6. O-O cxd4 7. Nxd4 Nc6 8. Nc3
a6 9. c5 Qc7 10. Bg5 Ne5 11. Rc1 d6 12. Bxf6 exf6 13. Nd5 Qd8 14. cxd6 Qxd6 15.
Nc7 Rb8 16. Nf5 Qb4 17. Qd6 Qxd6 18. Nxd6 f5 19. Rfd1 h5 20. b3 Bd7 21. Bxb7 Bb5
22. Kf1 Rfd8 23. a4 Bd3 24. Nxa6 Bxa6 25. Bxa6 Rxb3 26. Bb5 Ra3 27. Nb7 Rb8 28.
Rd8+ Rxd8 29. Nxd8 Bf8 30. h3 g5 31. Nc6 Nxc6 32. Rxc6 f4 33. gxf4 gxf4 34. Kg2
Kg7 35. Rc7 Bd6 36. Rd7 Be5 37. Rb7 Kf8 38. Bc6 h4 39. Bd5 f6 40. Rf7+ Ke8 41.
Rh7 Kd8 42. Bc6 Rc3 43. Bb5 Rc7 44. Rxh4 Rg7+ 45. Kf3 Kc7 46. a5 Kb7 47. a6+ Kb6
48. Bd3 Re7 49. Rg4 Re8 50. Rg7 Ra8 51. Rb7+ Ka5 52. h4 1-0

[Event "28th Czech Open A 2017"]
[Site "Pardubice CZE"]
[Date "2017.07.26"]
[Round "6.70"]
[White "Citra, Dewi Ardhiani Anastasia"]
[Black "Manik, Mikulas"]
[Result "1/2-1/2"]
[WhiteTitle "WFM"]
[BlackTitle "GM"]
[WhiteElo "2227"]
[BlackElo "2407"]
[WhiteFideId "7101244"]
[BlackFideId "14900734"]
[EventDate "2017.07.21"]

1. e4 c5 2. Nf3 d6 3. d4 cxd4 4. Nxd4 Nf6 5. Nc3 a6 6. Be3 e5 7. Nb3 Be6 8. f4
exf4 9. Bxf4 Nc6 10. Qe2 Ne5 11. h3 Ng6 12. Bh2 Rc8 13. O-O-O Rxc3 14. bxc3 Qc7
15. c4 Ne5 16. Qe1 Be7 17. Rd4 O-O 18. Qa5 Qc8 19. Bxe5 dxe5 20. Qxe5 b5 21. c5
Nd7 22. Rxd7 Qxd7 23. Be2 Qa7 24. Kb1 Bf6 25. Qd6 Bxb3 26. axb3 Rd8 1/2-1/2

[Event "28th Czech Open A 2017"]
[Site "Pardubice CZE"]
[Date "2017.07.26"]
[Round "6.71"]
[White "Cuhendi, Sean Winshand"]
[Black "Karayev, Kanan"]
[Result "1/2-1/2"]
[WhiteTitle "IM"]
[BlackTitle "FM"]
[WhiteElo "2398"]
[BlackElo "2247"]
[WhiteFideId "7101554"]
[BlackFideId "13406671"]
[EventDate "2017.07.21"]

1. e4 e6 2. Qe2 c5 3. g3 Nc6 4. Bg2 g6 5. c3 Bg7 6. f4 d6 7. Nf3 Nge7 8. O-O O-O
9. d3 b5 10. Be3 b4 11. e5 Ba6 12. c4 Rc8 13. Bf2 Nf5 14. g4 Nfd4 15. Nxd4 Nxd4
16. Bxd4 cxd4 17. exd6 Qxd6 18. Nd2 Qc7 19. a3 b3 20. Rae1 Qb6 21. Kh1 Bb7 22.
f5 exf5 23. gxf5 Bh6 24. Ne4 Be3 25. Qg4 Rce8 26. Ng3 Bxg2+ 27. Kxg2 Qc6+ 28.
Ne4 Re5 29. Rf3 h5 30. Qg3 Rxe4 31. dxe4 Qxe4 32. Kh3 Rc8 33. fxg6 f5 34. Ref1
Qg4+ 35. Kg2 f4 36. Rxf4 Bxf4 37. Rxf4 Qxg3+ 38. Kxg3 Rxc4 39. Kh4 Kg7 40. Kxh5
Rc5+ 41. Kg4 Rc2 42. Rxd4 Rxh2 43. Kg5 Rg2+ 44. Kf5 Rf2+ 1/2-1/2

[Event "28th Czech Open A 2017"]
[Site "Pardubice CZE"]
[Date "2017.07.26"]
[Round "6.72"]
[White "Egorov, Pavel"]
[Black "Murtazin, Bulat"]
[Result "0-1"]
[BlackTitle "FM"]
[WhiteElo "2224"]
[BlackElo "2397"]
[WhiteFideId "24122637"]
[BlackFideId "24151351"]
[EventDate "2017.07.21"]

1. d4 d5 2. c4 e6 3. Nc3 Be7 4. cxd5 exd5 5. Bf4 c6 6. e3 Bf5 7. g4 Be6 8. h4
Nd7 9. Bg3 Nb6 10. Bd3 Bd6 11. Bxd6 Qxd6 12. f3 h5 13. g5 Ne7 14. Kf2 Bf5 15.
Nge2 f6 16. Bxf5 Nxf5 17. Qd3 Qd7 18. Ng3 Nxg3 19. Qg6+ Qf7 20. Qxf7+ Kxf7 21.
Kxg3 fxg5 22. hxg5 Kg6 23. f4 Rae8 24. Rae1 Nc4 25. e4 dxe4 26. Nxe4 Kf5 27. b3
Rxe4 28. Rxe4 Kxe4 29. bxc4 Kxd4 30. Rd1+ Ke4 31. Re1+ Kf5 32. Re5+ Kg6 33. Re7
Rd8 34. Rxb7 Rd3+ 35. Kf2 Ra3 36. Rc7 h4 37. Rxc6+ Kf5 38. Rc7 g6 39. Rf7+ Ke4
40. Rf6 Rxa2+ 41. Kg1 h3 42. Rxg6 Kxf4 43. Rd6 Rg2+ 44. Kh1 Rxg5 45. Ra6 Rg7 46.
Kh2 Rh7 47. c5 Ke5 48. c6 Kd5 49. c7 Rxc7 50. Kxh3 Rg7 51. Kh4 Kc5 52. Ra1 Kb6
53. Rb1+ Kc6 54. Ra1 Kb7 55. Rb1+ Ka8 56. Ra1 Rg8 57. Ra5 Kb7 58. Rf5 a6 59.
Rf7+ Kb6 60. Rf6+ Kb5 61. Rf5+ Kb4 62. Rf4+ Kc3 63. Rf3+ Kd4 64. Rf4+ Ke3 65.
Ra4 Ra8 66. Kg4 a5 67. Kf5 Kd3 68. Ke5 Kc3 69. Kd5 Kb3 70. Rh4 a4 71. Rh3+ Kb4
72. Rh4+ Kb5 73. Rh7 a3 74. Rh2 Kb4 75. Rh4+ Kb5 76. Rh2 Rd8+ 77. Ke4 Kc4 78.
Rc2+ Kb3 79. Rc7 Ra8 80. Rb7+ Kc3 81. Rc7+ Kd2 82. Rd7+ Ke2 83. Rh7 Ra4+ 84. Kd5
a2 85. Rh2+ Kf3 0-1

[Event "28th Czech Open A 2017"]
[Site "Pardubice CZE"]
[Date "2017.07.26"]
[Round "6.73"]
[White "Kanakova, Natalie"]
[Black "Saiyn, Zhanat"]
[Result "0-1"]
[WhiteTitle "WFM"]
[BlackTitle "IM"]
[WhiteElo "2212"]
[BlackElo "2390"]
[WhiteFideId "350486"]
[BlackFideId "13703820"]
[EventDate "2017.07.21"]

1. e4 c6 2. d4 d5 3. Nd2 dxe4 4. Nxe4 Bf5 5. Ng3 Bg6 6. h4 h6 7. Nf3 Nd7 8. h5
Bh7 9. Bd3 Bxd3 10. Qxd3 e6 11. Bd2 Ngf6 12. O-O-O Be7 13. Ne4 Nxe4 14. Qxe4 Nf6
15. Qd3 c5 16. Bc3 O-O 17. dxc5 Qxd3 18. Rxd3 Bxc5 19. Bd4 Rfc8 20. Ne5 Nd5 21.
Rhd1 Bd6 22. Rf3 Bxe5 23. Bxe5 Rc6 24. Kb1 Rac8 25. c3 b5 26. Rfd3 a5 27. a3 f6
28. Bg3 Rc4 29. Rd4 a4 30. Bd6 R8c6 31. Bb4 Rxd4 32. Rxd4 Rc4 33. Bd6 Rxd4 34.
cxd4 g6 35. hxg6 Kg7 36. Kc2 Kxg6 37. Kd3 Kf5 38. g3 h5 39. f3 Kg6 40. Ke2 Kg5
41. Kf2 f5 42. Bc5 f4 43. gxf4+ Nxf4 44. Be7+ Kf5 45. Ke1 h4 46. Kf1 h3 47. Kg1
Ne2+ 48. Kh2 Nxd4 49. Kxh3 Nxf3 50. Kg3 Ne5 51. Bb4 Ke4 52. Bc3 Nc4 53. Kf2 Kd3
54. Bf6 e5 55. Ke1 Kc2 0-1

[Event "28th Czech Open A 2017"]
[Site "Pardubice CZE"]
[Date "2017.07.26"]
[Round "6.74"]
[White "Koop, Thorben"]
[Black "Gurpreet, Singh Maras"]
[Result "1/2-1/2"]
[WhiteTitle "IM"]
[WhiteElo "2389"]
[BlackElo "2231"]
[WhiteFideId "24661619"]
[BlackFideId "5014433"]
[EventDate "2017.07.21"]

1. Nf3 Nf6 2. g3 b5 3. Bg2 Bb7 4. O-O e6 5. d4 Be7 6. Qd3 a6 7. Bg5 d6 8. Nbd2
Nbd7 9. e4 O-O 10. a4 b4 11. c4 e5 12. h3 exd4 13. Nxd4 Nc5 14. Qc2 Nfxe4 15.
Nxe4 Bxg5 16. Nxc5 Bxg2 17. Nce6 fxe6 18. Nxe6 b3 19. Qb1 Qe7 20. Nxg5 Qxg5 21.
Kxg2 Qd2 22. Qd1 Qxb2 23. Rb1 Qc2 24. Qxc2 bxc2 25. Rbc1 Rab8 26. Rxc2 Rb4 27.
Re1 h6 28. c5 dxc5 29. Re7 Rf7 30. Rxf7 Kxf7 31. Rxc5 Rxa4 1/2-1/2

[Event "28th Czech Open A 2017"]
[Site "Pardubice CZE"]
[Date "2017.07.26"]
[Round "6.75"]
[White "Johansson, Gunnar"]
[Black "Konguvel, Ponnuswamy"]
[Result "0-1"]
[BlackTitle "IM"]
[WhiteElo "2223"]
[BlackElo "2388"]
[WhiteFideId "1703501"]
[BlackFideId "5000548"]
[EventDate "2017.07.21"]

1. e4 c5 2. c4 Nc6 3. Nc3 g6 4. g3 Bg7 5. Bg2 d6 6. d3 e6 7. Nge2 Nge7 8. O-O
O-O 9. Rb1 b6 10. a3 Bb7 11. b4 Qd7 12. Be3 Nd4 13. Qd2 Rfe8 14. Bh6 Bh8 15.
Nxd4 cxd4 16. Ne2 b5 17. cxb5 Qxb5 18. Rfc1 Ba6 19. Rd1 Rac8 20. Qb2 Qh5 21. Bf4
e5 22. Bc1 Rc7 23. b5 Bc8 24. f3 Bf6 25. Bd2 Bd7 26. a4 Bg5 27. Rbc1 Rb7 28.
Bxg5 Qxg5 29. Qd2 Qxd2 30. Rxd2 a6 31. bxa6 Ra7 32. a5 Bc8 33. Rb1 Rxa6 34. Rb6
Rxa5 35. Rxd6 Kg7 36. Rb6 Ba6 37. f4 f6 38. Bh3 Ra3 39. Bd7 Rd8 40. Bb5 Bc8 41.
Bc4 Bh3 42. Rd1 Nc8 43. Rb7+ Rd7 44. Rxd7+ Bxd7 45. Kf2 Nd6 46. Bd5 Bb5 47. Nc1
Rc3 48. fxe5 fxe5 49. h4 h5 50. Be6 Nb7 51. Bh3 Nc5 52. Bf1 Ba4 53. Re1 Bc2 54.
Na2 Rxd3 0-1